[Event "18. Copenhagen Open (Politiken Cup)"]
[Site "Brondby"]
[Date "1996.??.??"]
[Round "9"]
[White "Kania, Andreas"]
[Black "Holst, Conny"]
[Result "1/2-1/2"]
[WhiteElo "2275"]
[BlackElo "2205"]
[PlyCount "79"]
[EventDate "1996.??.??"]
[EventType "swiss"]
[EventRounds "11"]
[EventCountry "DEN"]
[SourceDate "2004.01.01"]

1. d4 Nf6 2. c4 g6 3. g3 Bg7 4. Bg2 O-O 5. Nc3 d6 6. e3 e5 7. Nge2 c6 8. O-O
Nbd7 9. b3 Re8 10. Ba3 exd4 11. exd4 Nf8 12. Bb2 Bf5 13. Re1 Qd7 14. Qd2 Re7
15. d5 c5 16. Nf4 Rae8 17. Rxe7 Rxe7 18. Re1 Rxe1+ 19. Qxe1 g5 20. Nfe2 Ng6 21.
Qd2 h6 22. f4 gxf4 23. Nxf4 Nxf4 24. Qxf4 Ng4 25. Nd1 Bxb2 26. Nxb2 Qe7 27. Nd1
Qg5 28. Qxg5+ hxg5 29. Bh3 Nh6 30. Bxf5 Nxf5 31. Nc3 g4 32. Kf2 Kf8 33. Ne4 Ke7
34. Kg2 a6 35. h4 gxh3+ 36. Kxh3 Ne3 37. a4 f5 38. Nd2 Kf6 39. a5 Kg5 40. Nf3+
1/2-1/2

[Event "18. Copenhagen Open (Politiken Cup)"]
[Site "Brondby"]
[Date "1996.??.??"]
[Round "9"]
[White "Koskinen, Henri"]
[Black "Thorfinnsson, Bjorn"]
[Result "1/2-1/2"]
[WhiteElo "2230"]
[BlackElo "2060"]
[PlyCount "140"]
[EventDate "1996.??.??"]
[EventType "swiss"]
[EventRounds "11"]
[EventCountry "DEN"]
[SourceDate "2004.01.01"]

1. d4 Nf6 2. c4 e6 3. g3 d5 4. Bg2 c6 5. Nf3 Nbd7 6. Qc2 Bd6 7. O-O O-O 8. Rd1
Ne4 9. Ne5 f5 10. f3 Nef6 11. Nd3 Qe8 12. Bf4 Bxf4 13. gxf4 dxc4 14. Qxc4 Nd5
15. Qc1 Qh5 16. Nc3 h6 17. Kh1 Qh4 18. Rg1 Qf6 19. Ne5 Nxe5 20. fxe5 Qe7 21. f4
Bd7 22. Qd2 Kh7 23. Raf1 Be8 24. e4 Nxc3 25. bxc3 Bg6 26. d5 cxd5 27. exd5 exd5
28. Bxd5 Rad8 29. Qg2 Rxd5 30. Qxg6+ Kh8 31. Rf3 Qf7 32. Qg2 Rd7 33. Rg3 Rg8
34. h4 Qd5 35. h5 Qxg2+ 36. R1xg2 Rc7 37. Re3 g5 38. hxg6 Kg7 39. Rd3 Re8 40.
Rgg3 Re6 41. Kh2 Rxg6 42. Kh3 Kf7 43. Rxg6 Kxg6 44. Kg3 Kf7 45. Kf2 Ke7 46. Ke2
Rc4 47. Kf3 b5 48. Kg3 a5 49. Kf3 Ra4 50. Rd5 Ra3 51. Rxb5 Rxc3+ 52. Ke2 Rc2+
53. Kd3 Rxa2 54. Rb7+ Ke6 55. Rb6+ Kd5 56. Rd6+ Kc5 57. Rf6 Ra3+ 58. Kc2 h5 59.
Rxf5 h4 60. Rh5 h3 61. f5 Re3 62. f6 Kd5 63. Kd2 Ra3 64. Ke2 Rb3 65. f7 Rb8 66.
Rxh3 Kxe5 67. Re3+ Kf6 68. Re8 Rb2+ 69. Kd3 Kxf7 70. Ra8 Rb5 1/2-1/2

[Event "18. Copenhagen Open (Politiken Cup)"]
[Site "Brondby"]
[Date "1996.??.??"]
[Round "9"]
[White "Kulaots, Kaido"]
[Black "Hector, Jonny"]
[Result "1-0"]
[WhiteElo "2400"]
[BlackElo "2520"]
[PlyCount "103"]
[EventDate "1996.??.??"]
[EventType "swiss"]
[EventRounds "11"]
[EventCountry "DEN"]
[SourceDate "2004.01.01"]

1. e4 e5 2. Nf3 Nc6 3. d4 exd4 4. Nxd4 Qf6 5. Be3 Bc5 6. c3 Qg6 7. Be2 Qxg2 8.
Bf3 Qg6 9. Nd2 Nf6 10. Qc2 Ng4 11. Bxg4 Qxg4 12. Nf5 Bxe3 13. Nxe3 Qh5 14. Nd5
O-O 15. Qd3 d6 16. Qg3 f5 17. Rg1 Qf7 18. O-O-O Be6 19. Nf3 Bxd5 20. exd5 f4
21. Qg5 Na5 22. Nd4 Qf6 23. Ne6 Qxg5 24. Rxg5 Rf7 25. Rd4 Re8 26. b4 c5 27.
bxc5 dxc5 28. Nxc5 Re1+ 29. Kd2 Ra1 30. d6 Rxa2+ 31. Kd3 h6 32. Rgd5 Nc6 33. d7
Rxf2 34. d8=Q+ Nxd8 35. Rxd8+ Kh7 36. Ne6 Kg6 37. R4d5 Kf6 38. R8d6 Ke7 39. Nd4
Rf6 40. Rd7+ Kf8 41. Rxb7 Kg8 42. Nf5 Rg2 43. Ke4 Kh7 44. Rdd7 Rc6 45. Rxg7+
Rxg7 46. Rxg7+ Kh8 47. Rxa7 Rxc3 48. Kxf4 Rc4+ 49. Ke5 Rc5+ 50. Ke4 Rc4+ 51.
Kd5 Rb4 52. Ra6 1-0

[Event "18. Copenhagen Open (Politiken Cup)"]
[Site "Brondby"]
[Date "1996.??.??"]
[Round "9"]
[White "Lejlic, Samir"]
[Black "Tonning, Erik"]
[Result "1-0"]
[WhiteElo "2420"]
[BlackElo "2220"]
[PlyCount "61"]
[EventDate "1996.??.??"]
[EventType "swiss"]
[EventRounds "11"]
[EventCountry "DEN"]
[SourceDate "2004.01.01"]

1. e4 e6 2. d4 d5 3. Nc3 Bb4 4. Bd3 c5 5. exd5 Qxd5 6. Bd2 Bxc3 7. Bxc3 cxd4 8.
Bxd4 e5 9. Bc3 Nc6 10. Qe2 Nge7 11. f4 exf4 12. Bxg7 Rg8 13. Be4 Qg5 14. Bc3
Bd7 15. Nf3 Qxg2 16. Qxg2 Rxg2 17. Ne5 Nxe5 18. Bxg2 Bc6 19. Bxc6+ N7xc6 20.
O-O Ng6 21. Rad1 Nce7 22. Rfe1 Rc8 23. Rd3 b5 24. Rh3 b4 25. Bxb4 Rxc2 26. Ba3
Kf8 27. Rc3 Rxc3 28. bxc3 f6 29. Re4 f3 30. Bxe7+ Nxe7 31. Ra4 1-0

[Event "18. Copenhagen Open (Politiken Cup)"]
[Site "Brondby"]
[Date "1996.??.??"]
[Round "9"]
[White "Lilja, Richard"]
[Black "Brondum, Eric"]
[Result "1/2-1/2"]
[WhiteElo "2170"]
[BlackElo "2270"]
[PlyCount "69"]
[EventDate "1996.??.??"]
[EventType "swiss"]
[EventRounds "11"]
[EventCountry "DEN"]
[SourceDate "2004.01.01"]

1. d4 g6 2. c4 Bg7 3. Nc3 d6 4. e4 Nf6 5. Nf3 O-O 6. h3 e5 7. d5 a5 8. Bg5 Na6
9. Nd2 Qe8 10. g4 Nc5 11. Rg1 c6 12. Qf3 Nfd7 13. O-O-O h6 14. Be3 Nb6 15. h4
Nba4 16. Ndb1 Nxc3 17. Nxc3 a4 18. dxc6 Qxc6 19. Nd5 Re8 20. Kb1 Be6 21. h5 g5
22. Bxc5 Bxd5 23. Rxd5 dxc5 24. Be2 a3 25. b3 Rad8 26. Rgd1 Bf6 27. Qf5 Rxd5
28. cxd5 Qd6 29. Bb5 Rd8 30. Qf3 Qb6 31. Qe2 Rd6 32. Bc4 Bd8 33. Qd3 Bc7 34. f3
Rf6 35. Qc3 1/2-1/2

[Event "18. Copenhagen Open (Politiken Cup)"]
[Site "Brondby"]
[Date "1996.??.??"]
[Round "9"]
[White "Liss, Eran"]
[Black "Rozentalis, Eduardas"]
[Result "1/2-1/2"]
[WhiteElo "2480"]
[BlackElo "2605"]
[PlyCount "24"]
[EventDate "1996.??.??"]
[EventType "swiss"]
[EventRounds "11"]
[EventCountry "DEN"]
[SourceDate "2004.01.01"]

1. e4 e5 2. Nf3 Nf6 3. Nxe5 d6 4. Nf3 Nxe4 5. d4 d5 6. Bd3 Be7 7. O-O Nc6 8. c4
Nf6 9. Nc3 O-O 10. h3 Nb4 11. Be2 Bf5 12. a3 Nc6 1/2-1/2

[Event "18. Copenhagen Open (Politiken Cup)"]
[Site "Brondby"]
[Date "1996.??.??"]
[Round "9"]
[White "Lobejko, Rafal"]
[Black "Ostergaard, Jens"]
[Result "1-0"]
[WhiteElo "2215"]
[BlackElo "2300"]
[PlyCount "80"]
[EventDate "1996.??.??"]
[EventType "swiss"]
[EventRounds "11"]
[EventCountry "DEN"]
[SourceDate "2004.01.01"]

1. Nf3 Nf6 2. g3 c5 3. c4 Nc6 4. Bg2 g6 5. O-O Bg7 6. Nc3 O-O 7. e3 d6 8. d4
Bf5 9. b3 a6 10. Bb2 Rb8 11. Nh4 Bd7 12. Qd2 b5 13. dxc5 dxc5 14. Nd5 bxc4 15.
Nxf6+ exf6 16. Rfd1 Be8 17. Qc1 Qb6 18. Qxc4 Na5 19. Qc2 c4 20. Ba3 cxb3 21.
axb3 Nxb3 22. Rab1 a5 23. Bxf8 Bxf8 24. Nf3 a4 25. Nd4 Qa7 26. Bd5 Nxd4 27.
Rxd4 f5 28. Rxb8 Qxb8 29. Ba2 a3 30. Qc4 Qe5 31. Rd8 Qe7 32. Qd5 Kg7 33. h4 Bc6
34. Qd4+ Kg8 35. h5 gxh5 36. Rc8 Bb7 37. Rd8 Bc6 38. Qh4 Qxh4 39. gxh4 Kg7 40.
Rc8 Bb5 1-0

[Event "18. Copenhagen Open (Politiken Cup)"]
[Site "Brondby"]
[Date "1996.??.??"]
[Round "9"]
[White "Lyrberg, Patrik"]
[Black "Varberg, Kenneth"]
[Result "0-1"]
[WhiteElo "2425"]
[BlackElo "2230"]
[PlyCount "77"]
[EventDate "1996.??.??"]
[EventType "swiss"]
[EventRounds "11"]
[EventCountry "DEN"]
[SourceDate "2004.01.01"]

1. d4 d5 2. c4 c6 3. Nc3 e6 4. e4 dxe4 5. Nxe4 Nf6 6. Nxf6+ Qxf6 7. Nf3 Bb4+ 8.
Bd2 Bxd2+ 9. Qxd2 Nd7 10. Bd3 O-O 11. O-O g6 12. Qe3 b6 13. b4 Bb7 14. Be4 Rab8
15. Rad1 Rfd8 16. c5 a5 17. b5 Rdc8 18. Rc1 Qd8 19. Ng5 Qe7 20. cxb6 cxb5 21.
Bxb7 Rxc1 22. Rxc1 Rxb7 23. d5 Nxb6 24. dxe6 f6 25. Nf7 Nc4 26. Qe4 Rb6 27. Re1
Kg7 28. h4 Ne5 29. Ng5 h6 30. f4 hxg5 31. fxe5 f5 32. Qd4 Rxe6 33. hxg5 Qxg5
34. Qd7+ Qe7 35. Qxb5 Qb4 36. Qd7+ Re7 37. Qd1 Qc5+ 38. Kh1 Re8 39. Qd7+ 0-1

[Event "18. Copenhagen Open (Politiken Cup)"]
[Site "Brondby"]
[Date "1996.??.??"]
[Round "9"]
[White "Madsen, Dag"]
[Black "Petersen, Steen"]
[Result "1/2-1/2"]
[WhiteElo "2325"]
[BlackElo "2165"]
[PlyCount "46"]
[EventDate "1996.??.??"]
[EventType "swiss"]
[EventRounds "11"]
[EventCountry "DEN"]
[SourceDate "2004.01.01"]

1. d4 Nf6 2. c4 e6 3. Nf3 b6 4. g3 Bb7 5. Bg2 Be7 6. Nc3 O-O 7. Qc2 d5 8. cxd5
Nxd5 9. Nxd5 Bxd5 10. O-O c5 11. e4 Bb7 12. d5 exd5 13. exd5 Qxd5 14. Nh4 Qd7
15. Rd1 Qc8 16. Nf5 Re8 17. Bg5 Bf8 18. f3 c4 19. Kh1 Qc5 20. Bf4 Nc6 21. Nd6
Bxd6 22. Bxd6 Nd4 23. Qc3 Qxd6 1/2-1/2

[Event "18. Copenhagen Open (Politiken Cup)"]
[Site "Brondby"]
[Date "1996.??.??"]
[Round "9"]
[White "Mortensen, Erling"]
[Black "Christensen, Bo Garner"]
[Result "1/2-1/2"]
[WhiteElo "2430"]
[BlackElo "2225"]
[PlyCount "111"]
[EventDate "1996.??.??"]
[EventType "swiss"]
[EventRounds "11"]
[EventCountry "DEN"]
[SourceDate "2004.01.01"]

1. e4 c5 2. Nf3 d6 3. d4 cxd4 4. Nxd4 Nf6 5. Nc3 a6 6. Be2 e6 7. f4 Qc7 8. O-O
Be7 9. Kh1 O-O 10. a4 Nc6 11. Be3 Rb8 12. Bd3 Nb4 13. g4 b6 14. g5 Nd7 15. Qh5
g6 16. Qh4 Bb7 17. Kg1 Rfe8 18. Rf3 h5 19. Rh3 Bf8 20. Be2 Bg7 21. Bxh5 gxh5
22. Qxh5 Nf8 23. f5 exf5 24. Nxf5 Bc8 25. Nxg7 Bxh3 26. Nxe8 Rxe8 27. Qxh3 Ng6
28. Rf1 Re5 29. Rf2 d5 30. Qg3 Qe7 31. Rf5 dxe4 32. Rxe5 Nxe5 33. Nxe4 Nxc2 34.
Bxb6 Ne1 35. Kf1 N1f3 36. Qh3 Ng4 37. Nf6+ Nxf6 38. Qxf3 Ne4 39. Be3 Qb4 40. b3
Nd2+ 41. Bxd2 Qxd2 42. h4 a5 43. Qe4 Qd1+ 44. Kg2 Qxb3 45. h5 Qb2+ 46. Kf3 Qc3+
47. Kg4 Qb4 48. Kf5 Qc5+ 49. Qe5 Qc8+ 50. Kf4 Qc4+ 51. Ke3 Qb3+ 52. Kd2 Qxa4
53. Qb8+ Kh7 54. Qb1+ Kg8 55. Qb8+ Kh7 56. Qb1+ 1/2-1/2

[Event "18. Copenhagen Open (Politiken Cup)"]
[Site "Brondby"]
[Date "1996.??.??"]
[Round "9"]
[White "Nedberg, Benjamin S"]
[Black "Hiberg, Nina"]
[Result "0-1"]
[WhiteElo "2100"]
[BlackElo "2290"]
[PlyCount "112"]
[EventDate "1996.??.??"]
[EventType "swiss"]
[EventRounds "11"]
[EventCountry "DEN"]
[SourceDate "2004.01.01"]

1. d4 d6 2. c4 e5 3. d5 f5 4. Nc3 Nf6 5. Bg5 Be7 6. g3 Nxd5 7. Nxd5 Bxg5 8. Nf3
Bf6 9. Bg2 c6 10. Nxf6+ Qxf6 11. O-O O-O 12. e3 Na6 13. Qd2 Nc7 14. Rfd1 Ne8
15. Rac1 f4 16. exf4 exf4 17. Qd4 Bg4 18. Rc3 Qxd4 19. Rxd4 Bxf3 20. Bxf3 fxg3
21. hxg3 Rd8 22. Kg2 Nc7 23. Rcd3 Rf6 24. Bg4 Ne6 25. Bxe6+ Rxe6 26. Rb3 Rd7
27. Rd2 Kf8 28. Rbd3 Ke7 29. Rd4 Re5 30. b3 Re6 31. Rg4 Kd8 32. Rf4 Kc7 33.
Rfd4 Rf7 34. Rh4 h6 35. Rhd4 Rf5 36. Rg4 g6 37. Rgd4 Rfe5 38. Rf4 d5 39. Rf7+
Re7 40. Rxe7+ Rxe7 41. cxd5 Rd7 42. Rc2 Rxd5 43. Kf3 a5 44. Ke4 Kd6 45. f4 c5
46. g4 Rd4+ 47. Ke3 g5 48. fxg5 hxg5 49. Kf3 b5 50. Rh2 c4 51. bxc4 bxc4 52.
Rh6+ Kc5 53. Rh2 c3 54. Rg2 Kc4 55. Ke3 Rd3+ 56. Ke4 Rd2 0-1

[Event "18. Copenhagen Open (Politiken Cup)"]
[Site "Brondby"]
[Date "1996.??.??"]
[Round "9"]
[White "Nilssen, John Arni"]
[Black "Jelling, Erik"]
[Result "1-0"]
[WhiteElo "2275"]
[BlackElo "2415"]
[PlyCount "73"]
[EventDate "1996.??.??"]
[EventType "swiss"]
[EventRounds "11"]
[EventCountry "DEN"]
[SourceDate "2004.01.01"]

1. d4 d5 2. Nf3 Nf6 3. c4 c6 4. Nc3 dxc4 5. e4 b5 6. e5 Nd5 7. a4 e6 8. Ng5 Bb7
9. Qh5 g6 10. Qf3 Qc7 11. axb5 Nxc3 12. bxc3 cxb5 13. Qf6 Rg8 14. Nxh7 Be7 15.
Qf4 a5 16. Be2 Nd7 17. O-O Nb6 18. Ng5 Bxg5 19. Qxg5 Nd5 20. Bb2 Qe7 21. Qg3
Kd7 22. Ra2 Rgc8 23. Rfa1 Qd8 24. Qf3 Ke8 25. Bd1 Qc7 26. Qh3 Bc6 27. Bc1 b4
28. cxb4 axb4 29. Rxa8 Bxa8 30. Rxa8 Rxa8 31. Qh8+ Kd7 32. Qxa8 b3 33. Bf3 Qc6
34. Bxd5 exd5 35. Qa7+ Kc8 36. Qa3 Qb5 37. Bb2 1-0

[Event "18. Copenhagen Open (Politiken Cup)"]
[Site "Brondby"]
[Date "1996.??.??"]
[Round "9"]
[White "Nilsson, Nils Specht"]
[Black "Wolski, Thomas"]
[Result "0-1"]
[WhiteElo "2225"]
[BlackElo "2310"]
[PlyCount "106"]
[EventDate "1996.??.??"]
[EventType "swiss"]
[EventRounds "11"]
[EventCountry "DEN"]
[SourceDate "2004.01.01"]

1. d4 d5 2. Nf3 c5 3. dxc5 e6 4. b3 Bxc5 5. Bb2 Nf6 6. Nbd2 O-O 7. e3 Nc6 8.
Be2 Qe7 9. O-O e5 10. c4 Rd8 11. cxd5 Nxd5 12. Bb5 Nxe3 13. fxe3 Bxe3+ 14. Kh1
e4 15. Bxc6 exf3 16. Qxf3 bxc6 17. Nc4 Bd4 18. Rad1 c5 19. Rfe1 Qb7 20. Bxd4
Qxf3 21. gxf3 Bb7 22. Kg2 cxd4 23. Na5 Ba6 24. Nc6 Rd6 25. Ne7+ Kf8 26. Nf5 Rd5
27. Ne7 Rd7 28. Nc6 Rc8 29. Rxd4 Rdc7 30. Nb4 Bb7 31. Re2 Rc3 32. Rf2 R8c5 33.
Kg3 Rg5+ 34. Kf4 f6 35. Rd3 Rcc5 36. Rfd2 Rcf5+ 37. Ke3 Rxf3+ 38. Kd4 Rf4+ 39.
Kc3 Rc5+ 40. Kb2 Rxb4 41. Rd8+ Ke7 42. R2d7+ Ke6 43. Rxg7 h5 44. Rdd7 Rcb5 45.
Rh7 h4 46. Rde7+ Kf5 47. Rh5+ Kg4 48. Rxb5 Rxb5 49. a4 Rb4 50. Kc3 a5 51. Rc7
Bd5 52. Rc5 Rxb3+ 53. Kc2 Be6 0-1

[Event "18. Copenhagen Open (Politiken Cup)"]
[Site "Brondby"]
[Date "1996.??.??"]
[Round "9"]
[White "Olsen, Peter Erik"]
[Black "Thorfinnsson, Bragi"]
[Result "1/2-1/2"]
[WhiteElo "2225"]
[BlackElo "2155"]
[PlyCount "82"]
[EventDate "1996.??.??"]
[EventType "swiss"]
[EventRounds "11"]
[EventCountry "DEN"]
[SourceDate "2004.01.01"]

1. g3 e5 2. Bg2 Nf6 3. d3 g6 4. Nf3 Nc6 5. c4 Bg7 6. O-O d6 7. Nc3 O-O 8. Rb1
a5 9. a3 h6 10. b4 axb4 11. axb4 Be6 12. b5 Ne7 13. Bb2 Nd7 14. Qc2 f5 15. Ra1
Rb8 16. Nd2 f4 17. Ra7 c6 18. Qa4 Nb6 19. Qa1 g5 20. c5 dxc5 21. Nce4 Nd7 22.
Nf3 Ng6 23. bxc6 bxc6 24. Bc3 Ra8 25. Rb1 Rxa7 26. Qxa7 Qa8 27. Qc7 Re8 28. h4
fxg3 29. fxg3 gxh4 30. Nxh4 Ne7 31. Qb7 Qa2 32. Qb2 Qxb2 33. Rxb2 Nd5 34. Bd2
Ra8 35. Rc2 Ra1+ 36. Kh2 N5f6 37. Nxf6+ Nxf6 38. Bxc6 Ra2 39. Rxa2 Bxa2 40. Nf5
Bf8 41. Ne3 Be6 1/2-1/2

[Event "18. Copenhagen Open (Politiken Cup)"]
[Site "Brondby"]
[Date "1996.??.??"]
[Round "9"]
[White "Petursson, Margeir"]
[Black "Schandorff, Lars"]
[Result "1/2-1/2"]
[WhiteElo "2585"]
[BlackElo "2485"]
[PlyCount "122"]
[EventDate "1996.??.??"]
[EventType "swiss"]
[EventRounds "11"]
[EventCountry "DEN"]
[SourceDate "2004.01.01"]

1. c4 e5 2. Nc3 Nc6 3. g3 f5 4. Bg2 Nf6 5. e3 g6 6. Nge2 Bg7 7. d3 O-O 8. Rb1
Qe7 9. O-O Kh8 10. b3 Nd8 11. Bb2 c6 12. Qd2 Nf7 13. f4 d6 14. Rbe1 Be6 15. Ba3
Rfe8 16. fxe5 Nxe5 17. Nf4 Bf7 18. Bb2 Rad8 19. d4 Bxc4 20. bxc4 Nxc4 21. Qc1
d5 22. Nd1 Ne4 23. Bc3 b5 24. Re2 b4 25. Be1 a5 26. Rc2 Ned6 27. Bf2 a4 28. Nd3
Rb8 29. N3b2 a3 30. Nd3 b3 31. axb3 Rxb3 32. Nc5 Rb6 33. Re1 Reb8 34. Ra2 Rb1
35. Qc3 Ne4 36. Bxe4 fxe4 37. Rxa3 Nxa3 38. Qxa3 h5 39. Qa6 R1b6 40. Qe2 Rf8
41. Rf1 Bh6 42. Kg2 Rbb8 43. Nc3 Rf5 44. Ra1 Rf7 45. Nd1 Qf6 46. Kg1 Kh7 47.
Be1 Bxe3+ 48. Nxe3 Qxd4 49. Rc1 Rb2 50. Ne6 Rxe2 51. Nxd4 Rxe3 52. Ne6 Rf6 53.
Ng5+ Kg8 54. Bd2 Re2 55. Bf4 d4 56. Rc4 d3 57. Nxe4 Re6 58. Nd2 Re1+ 59. Kf2
R6e2+ 60. Kf3 Rd1 61. Rxc6 Rdxd2 1/2-1/2

[Event "18. Copenhagen Open (Politiken Cup)"]
[Site "Brondby"]
[Date "1996.??.??"]
[Round "9"]
[White "Rowson, Jonathan"]
[Black "Kosebay, Osman"]
[Result "1-0"]
[WhiteElo "2415"]
[BlackElo "2220"]
[PlyCount "121"]
[EventDate "1996.??.??"]
[EventType "swiss"]
[EventRounds "11"]
[EventCountry "DEN"]
[SourceDate "2004.01.01"]

1. e4 Nf6 2. e5 Nd5 3. d4 d6 4. Nf3 Bg4 5. Be2 Nc6 6. c4 Nb6 7. exd6 exd6 8. d5
Bxf3 9. Bxf3 Ne5 10. Be2 Be7 11. O-O O-O 12. Nd2 Re8 13. b3 Bf6 14. Rb1 Ng6 15.
Bd3 Nf4 16. Ne4 Nxd3 17. Qxd3 Nd7 18. Nxf6+ Qxf6 19. Bb2 Nc5 20. Qg3 Qg6 21.
Qxg6 hxg6 22. Bd4 Re4 23. Be3 Rae8 24. Rfd1 Kf8 25. Kf1 Ke7 26. Rbc1 a5 27. g3
Kd7 28. Kg2 Rb8 29. Kf3 f5 30. Bd4 b5 31. cxb5 Rxb5 32. Bxg7 a4 33. bxa4 Rxa4
34. Rc2 Rba5 35. Bd4 Rxa2 36. Rxa2 Rxa2 37. Kf4 c6 38. Kg5 cxd5 39. Kxg6 Ne6
40. f4 Rxh2 41. Kxf5 Re2 42. g4 Re4 43. Be5 Nc7 44. Ba1 Ne6 45. Be5 Nc7 46. Bb2
Ne6 47. Rf1 Re2 48. Bc1 d4 49. Rd1 Kc6 50. Kf6 Kd5 51. f5 Nc5 52. Kg7 Rg2 53.
g5 Ne4 54. Kg6 Ke5 55. Rf1 d3 56. Bf4+ Kd5 57. Rd1 Nf2 58. f6 Nh3 59. Rxd3+ Ke4
60. Rxh3 Kxf4 61. Rh4+ 1-0

[Event "18. Copenhagen Open (Politiken Cup)"]
[Site "Brondby"]
[Date "1996.??.??"]
[Round "9"]
[White "Schneider, Stefan"]
[Black "Glek, Igor"]
[Result "0-1"]
[WhiteElo "2225"]
[BlackElo "2635"]
[PlyCount "90"]
[EventDate "1996.??.??"]
[EventType "swiss"]
[EventRounds "11"]
[EventCountry "DEN"]
[SourceDate "2004.01.01"]

1. Nf3 g6 2. g3 Bg7 3. Bg2 c5 4. c4 Nc6 5. O-O d6 6. Nc3 Bd7 7. d3 Qc8 8. Bd2
Bh3 9. Rb1 h5 10. Nd5 Bxg2 11. Kxg2 Nh6 12. a3 Nf5 13. h4 Ne5 14. Nxe5 Bxe5 15.
Qa4+ Kf8 16. f4 Bd4 17. e3 e6 18. exd4 exd5 19. dxc5 Qxc5 20. cxd5 Re8 21. Rbe1
Qxd5+ 22. Kh2 Rc8 23. Qe4 Qa2 24. Qxb7 Rc2 25. Rf2 Qxb2 26. Qxb2 Rxb2 27. Rc1
Ke7 28. Rc7+ Ke6 29. Rxa7 Rc8 30. Be1 Rcc2 31. Kg1 Ne3 32. Rxc2 Rxc2 33. a4
Rg2+ 34. Kh1 Re2 35. Ba5 Nf5 36. Bd8 Ra2 37. a5 Nxg3+ 38. Kg1 Kf5 39. Bb6 Kg4
40. Bf2 Ne2+ 41. Kf1 Kf3 42. Be1 Ra1 43. Re7 Ng3+ 44. Kg1 Nf5 45. Re4 Ne3 0-1

[Event "18. Copenhagen Open (Politiken Cup)"]
[Site "Brondby"]
[Date "1996.??.??"]
[Round "9"]
[White "Sher, Miron"]
[Black "Antonsen, Mikkel"]
[Result "1/2-1/2"]
[WhiteElo "2500"]
[BlackElo "2410"]
[PlyCount "57"]
[EventDate "1996.??.??"]
[EventType "swiss"]
[EventRounds "11"]
[EventCountry "DEN"]
[SourceDate "2004.01.01"]

1. g3 g6 2. Bg2 Bg7 3. d4 d6 4. e4 Nf6 5. Ne2 O-O 6. Nbc3 e5 7. h3 Nbd7 8. O-O
c6 9. a4 Re8 10. Be3 b6 11. Qd2 Qc7 12. f4 exd4 13. Bxd4 Ba6 14. Rfe1 Rad8 15.
g4 Nc5 16. Ng3 Ne6 17. Bf2 d5 18. e5 Nd7 19. g5 Nxe5 20. fxe5 Bxe5 21. Rxe5
Qxe5 22. h4 f6 23. Re1 Qf4 24. Qxf4 Nxf4 25. Rxe8+ Rxe8 26. gxf6 Kf7 27. Bf1
Bxf1 28. Kxf1 Kxf6 29. a5 1/2-1/2

[Event "18. Copenhagen Open (Politiken Cup)"]
[Site "Brondby"]
[Date "1996.??.??"]
[Round "9"]
[White "Sylvan, Jacob"]
[Black "Koch, Wolfgang Max"]
[Result "0-1"]
[WhiteElo "2265"]
[BlackElo "2325"]
[PlyCount "82"]
[EventDate "1996.??.??"]
[EventType "swiss"]
[EventRounds "11"]
[EventCountry "DEN"]
[SourceDate "2004.01.01"]

1. e4 d6 2. d4 Nf6 3. Nc3 g6 4. f4 Bg7 5. Nf3 O-O 6. Bd3 Nc6 7. O-O e5 8. fxe5
dxe5 9. d5 Nd4 10. Nxe5 Nxe4 11. Bxe4 Bxe5 12. Bf4 Bg7 13. Qd2 Nf5 14. Nb5 Nd6
15. Nxd6 cxd6 16. Qb4 Re8 17. Rae1 Be5 18. Bd3 a5 19. Qb3 Bxf4 20. Rxe8+ Qxe8
21. Rxf4 Qe3+ 22. Rf2 Qc5 23. Qc4 Qxc4 24. Bxc4 Bf5 25. Bb5 Be4 26. c4 Kg7 27.
Kf1 f5 28. Ke2 Kf6 29. Ke3 Ke5 30. Re2 Rf8 31. Kf2 Rc8 32. Rd2 g5 33. b3 h5 34.
a3 h4 35. Bd7 Rc7 36. Be6 a4 37. Rb2 axb3 38. Rxb3 Rxc4 39. Rxb7 Rc2+ 40. Kf1
Bxg2+ 41. Kg1 Bxd5 0-1

[Event "18. Copenhagen Open (Politiken Cup)"]
[Site "Brondby"]
[Date "1996.??.??"]
[Round "9"]
[White "Taimanov, Mark E"]
[Black "Pyda, Zbigniew"]
[Result "1/2-1/2"]
[WhiteElo "2480"]
[BlackElo "2305"]
[PlyCount "38"]
[EventDate "1996.??.??"]
[EventType "swiss"]
[EventRounds "11"]
[EventCountry "DEN"]
[SourceDate "2004.01.01"]

1. Nf3 d5 2. e3 c5 3. b3 Nf6 4. Bb2 e6 5. c4 dxc4 6. bxc4 Be7 7. Be2 O-O 8. O-O
Nc6 9. d3 b6 10. Nbd2 Bb7 11. Qb3 Qc7 12. Rfd1 Rfd8 13. Nf1 Ng4 14. Bc3 Bf6 15.
Bxf6 Nxf6 16. Ng3 Ne5 17. Nxe5 Qxe5 18. Rdb1 Qg5 19. Qc3 Ng4 1/2-1/2

[Event "18. Copenhagen Open (Politiken Cup)"]
[Site "Brondby"]
[Date "1996.??.??"]
[Round "9"]
[White "Ward, Christopher"]
[Black "Matthiesen, Arne"]
[Result "1/2-1/2"]
[WhiteElo "2505"]
[BlackElo "2255"]
[PlyCount "78"]
[EventDate "1996.??.??"]
[EventType "swiss"]
[EventRounds "11"]
[EventCountry "DEN"]
[SourceDate "2004.01.01"]

1. d4 d5 2. c4 c6 3. Nc3 Nf6 4. Nf3 e6 5. Bg5 h6 6. Bxf6 Qxf6 7. e3 Nd7 8. Bd3
g6 9. O-O Bg7 10. b4 dxc4 11. Bxc4 O-O 12. Rc1 Qe7 13. Qb3 b6 14. Rfd1 Bb7 15.
e4 Rfd8 16. a3 Rab8 17. Rd2 a6 18. Bf1 c5 19. d5 Ne5 20. Nxe5 Bxe5 21. Rcd1
cxb4 22. axb4 Qc7 23. Rd3 Rbc8 24. dxe6 Rxd3 25. Rxd3 Bxc3 26. Rd7 Qc6 27. Rxf7
Bg7 28. e7 Kh8 29. Qd3 Re8 30. Qd8 Qc8 31. Qd6 Bxe4 32. Qxb6 Bd5 33. Rxg7 Kxg7
34. Qd4+ Kh7 35. Qxd5 Rxe7 36. g3 Qb7 37. Qxb7 Rxb7 38. Bxa6 Rxb4 39. h4 Kg7
1/2-1/2

[Event "18. Copenhagen Open (Politiken Cup)"]
[Site "Brondby"]
[Date "1996.??.??"]
[Round "9"]
[White "Akesson, Ralf"]
[Black "Gulko, Boris F"]
[Result "1/2-1/2"]
[WhiteElo "2505"]
[BlackElo "2615"]
[PlyCount "24"]
[EventDate "1996.??.??"]
[EventType "swiss"]
[EventRounds "11"]
[EventCountry "DEN"]
[SourceDate "2004.01.01"]

1. d4 Nf6 2. c4 e6 3. g3 c5 4. d5 exd5 5. cxd5 b5 6. Bg2 d6 7. Nf3 Be7 8. O-O
O-O 9. Re1 Re8 10. e4 Bg4 11. a4 bxa4 12. Qxa4 Nbd7 1/2-1/2

[Event "18. Copenhagen Open (Politiken Cup)"]
[Site "Brondby"]
[Date "1996.??.??"]
[Round "10"]
[White "Antonsen, Mikkel"]
[Black "Hansen, Lars"]
[Result "1/2-1/2"]
[WhiteElo "2410"]
[BlackElo "2250"]
[PlyCount "59"]
[EventDate "1996.??.??"]
[EventType "swiss"]
[EventRounds "11"]
[EventCountry "DEN"]
[SourceDate "2004.01.01"]

1. d4 d5 2. c4 dxc4 3. e4 Nf6 4. e5 Nd5 5. Bxc4 Nb6 6. Bd3 Nc6 7. Be3 Nb4 8.
Be4 f5 9. exf6 exf6 10. Nc3 f5 11. a3 fxe4 12. axb4 Bxb4 13. Qh5+ Kf8 14. Nge2
Qe8 15. Qh4 Kg8 16. O-O Bf5 17. Ng3 Bg6 18. Ngxe4 h6 19. d5 Bxe4 20. Nxe4 Nxd5
21. Bc5 Bxc5 22. Nxc5 b6 23. Nd3 Kh7 24. Qc4 Rd8 25. Rfe1 Qg6 26. Ne5 Qf5 27.
g4 Qf6 28. Rad1 Rhf8 29. f3 Nf4 30. Qc2+ 1/2-1/2

[Event "18. Copenhagen Open (Politiken Cup)"]
[Site "Brondby"]
[Date "1996.??.??"]
[Round "10"]
[White "Bekker Jensen, David"]
[Black "Eriksson, Ingela S"]
[Result "1-0"]
[WhiteElo "2220"]
[BlackElo "2095"]
[PlyCount "79"]
[EventDate "1996.??.??"]
[EventType "swiss"]
[EventRounds "11"]
[EventCountry "DEN"]
[SourceDate "2004.01.01"]

1. d4 Nf6 2. c4 c5 3. d5 e6 4. Nc3 exd5 5. cxd5 d6 6. Nf3 g6 7. g3 Bg7 8. Bg2
O-O 9. O-O a6 10. a4 Nbd7 11. Nd2 Rb8 12. Nc4 Ne8 13. Bf4 Ndf6 14. e4 Nh5 15.
Be3 b5 16. axb5 axb5 17. Na5 Bd7 18. Nc6 Bxc6 19. dxc6 Nc7 20. Ra7 Re8 21. Nd5
Nxd5 22. exd5 Qb6 23. Ra2 b4 24. g4 b3 25. Ra4 Nf6 26. Qd2 Ra8 27. Rfa1 Rxa4
28. Rxa4 Qb5 29. Ra5 Qc4 30. h3 Ne4 31. Bxe4 Qxe4 32. Rb5 c4 33. c7 Rc8 34. Rb8
Qe8 35. Qb4 c3 36. bxc3 Bf8 37. Qxb3 h5 38. Rxc8 Qxc8 39. Qb8 Qa6 40. c8=Q 1-0